=LDR 00000nam 2200000 4500 =001 INLIS000000000000119 =005 20150223092022.0 =006 =007 =008 Ind =035 ##$$0010-061300000000119 =041 ##$$a Ind =082 ##$$a 919.994 =090 ##$$a 919.994 Eff d =100 ##$$a Effendi, Arif =245 ##$$a Demikianlah Australia / Arif Effendi =260 ##$$aJakarta$bEndang$c[19-?] =300 ##$$a 133 hlm. : ilus. ; 21 cm =650 ##$$a Australia-Geografi =850 ##$$a NBPDMAT